000 00774nam a22002177a 4500
008 090213t xxu||||| |||| 00| 0 eng d
010 _aENG-92976
020 _c150.00
_a9788190756303
035 _aEN-76509
037 _bDBAD / PUB
040 _adpl
_bEnglish
082 _a572
100 _aMalarvili, T.
245 _aBiochemistry /
_cby T. Malarvili
260 _aTamil Nadu
_bKamaraj Publications
_c2007
270 _a14/135, Kamaraj Street, Agasteeswaram (Post) Kanniyakumari District,
_bTamil Nadu
300 _avii, 179p.
_c20cm (pbk)
650 _aBiochemistry.
942 _2ddc
_cEN
_mMAL
_h572
999 _c23665
_d23665